000 00785nam a2200265Ia 4500
005 20260121170704.0
008 008 260114s9999 xx 000 0 eng d
020 _a9783319893549
037 _aEBOOK
040 _aCRL
040 _beng
040 _cCRL
041 _2eng
041 _aeng
084 _qCRL
100 _aMaría Elena Álvarez-Buylla Roces, Juan Carlos Martínez-García, José Dávila-Velderrain, Elisa Domínguez-Hüttinger, Mariana Esther Martínez-Sánchez
_91066964
245 0 _aModeling Methods for Medical Systems Biology
260 _bSpringer
260 _bSpringer
260 _c2018
856 _uhttps://link.springer.com/openurl?genre=book&isbn=978-3-319-89354-9
942 _cEBOOK
999 _c1632694
_d1632694